OH MON BOUZELOUF - Statistiques

Statistiques générales
  • Ce quiz a été pris 47 fois
  • Le résultat moyen est 6 sur 12
Statistiques - réponses
Question Réponse % Correct
Comment se nomme le gérant de ce commerce qui apparait régulièrement sur tiktok? Youssef
86%
Qu'es ce que le bouzelouf ? Une tête de mouton
78%
Dans quel magasin peut-on acheter un bon bouzelouf à seulement 7,99€ ? La feuille des Aurès
76%
Quelle combinaison insolite le tiktokeur Hchizen à fait avec le bouzelouf Tasti crousti
65%
Que doit on faire avant de profiter de l'offre à 5€ Poser le billet
62%
Quelle est l'arme secrète de Youssef ? Le maxi bouz
59%
Que bicrave Youssef Un agneau
57%
Dans quelle ville se situe ce commerce ? Villejuif
49%
Que contient l'offre à 5€ Une canette et un pain garnie
35%
Complete la phrase "Oh bouzelouf chérie tu est ..." cuit
22%
Que fait-il si ont trouve un endroit ou manger pour 5€ ? Il y va
16%
Avec 1 Bitcoin que peut ont obtenir . Une broche de kebab
16%
Aucun quiz correspondant
Distribution des résultats
% des personnes avec chaque résultat
Percentile par nombre de réponses
Votre historique - résultats
Vous n’avez pas pris ce quiz